| 000 | 00781nam a2200217Ii 4500 | ||
|---|---|---|---|
| 003 | JO-AjNU | ||
| 008 | 230605s9999||||xx |||||||||||||| ||und|| | ||
| 017 | _a4428/8/2019 | ||
| 040 |
_aJO-AjNU _bara _erda _cJO-AjNU |
||
| 041 | _aara | ||
| 050 | 1 | 4 | _aDS79.6.2019 |
| 100 | 3 |
_aالفلاحي، رافع , _eauthor _964112 |
|
| 245 | 0 | 0 | _aاعوام على الجمر الشيخ حارث الضاري: بعض سيرة وبعض ذكريات (1941-2015) |
| 250 | _aط1 | ||
| 264 | 3 | 1 | _aبغداد: مؤسسة البصائر للدراسات والنشر، 2019 |
| 300 | _a316ص | ||
| 336 |
_atext _btxt _2rdacontent |
||
| 337 |
_aunmediated _bn _2rdamedia |
||
| 338 |
_avolume _bnc _2rdacarrier |
||
| 650 | 4 |
_aالسيرة الذاتية-التراجم-رجال-العراق _964113 |
|
| 999 |
_aA29117 _c32685 _d32685 |
||